• 首页
  • 本馆介绍
  • 公告通知
  • 最新文献
  • 馆藏检索
  • 电子资源
  • 读者导购
  • 参考咨询
  • 我的图书馆
  • 登录
  • 详细信息显示
  • 放入我的书架
  • 预约/预借图书
  • 作者相关作品
  • 分类相关作品
  • 丛书相关作品
  • 出版社相关作品

书目信息

  • 表格格式
  • 工作单格式
  • 卡片格式
题名:
成长为更好的自己
    
 
作者: 邱霞 著
分册:  
出版信息: 汕头   汕头大学出版社  2018.4
页数: 116页
开本: 24cm
丛书名:
单 册:
中图分类: G412
科图分类:
主题词: 生命哲学--教育理论
电子资源:
ISBN: 978-7-5658-3586-5
000 00917nam0 2200229 450
001 012001003123
005 20130125100048.0
010    @a978-7-5658-3586-5@dCNY25.00
100    @a20181031d2018 em y0chiy0110 ea
101 0  @achi
102    @aCN@b440000
105    @ay z 000yy
106    @ar
200 1  @a成长为更好的自己@9cheng zhang wei geng hao de zi ji@f邱霞著
210    @a汕头@c汕头大学出版社@d2018.4
215    @a116页@d24cm
330    @a本书主要讲述了生命教育对学生成长的意义,让他们认识自己,并对他人的生命抱有珍惜和尊重的态度,培养对社会及他人的爱心,使学生在人格上获得全面发展,实施生命教育,需要教师具有强烈的生命教育意识和有效实施生命教育的能力,能帮助学生能更好地理解生命的意义,确立起生命质量与生命尊严的意识,使他们能拥有一个美好的人生。
606 0  @a生命哲学@x教育理论
690    @aG412@v5
701  0 @a邱霞@9qiu xia@4著
801  0 @aCN@b江苏凤凰@c20191020
905    @b1217243-6@dG412@e76@f4
    
    成长为更好的自己/邱霞著.-汕头:汕头大学出版社,2018.4
    116页;24cm
    
    
    ISBN 978-7-5658-3586-5:CNY25.00
    本书主要讲述了生命教育对学生成长的意义,让他们认识自己,并对他人的生命抱有珍惜和尊重的态度,培养对社会及他人的爱心,使学生在人格上获得全面发展,实施生命教育,需要教师具有强烈的生命教育意识和有效实施生命教育的能力,能帮助学生能更好地理解生命的意义,确立起生命质量与生命尊严的意识,使他们能拥有一个美好的人生。
●
相关链接 在E读中查询图书 在五车中查询图书 在当当中查询图书 在豆瓣中查询图书


正题名:成长为更好的自己     索取号:G412/76         预约/预借

序号 登录号 条形码 馆藏地/架位号 状态 备注
1 1217243   212172432   第一样本阅览室/ [索取号:G412/76] 在馆    
2 1217244   212172441   教育系资料室/ [索取号:G412/76] 在馆    
3 1217245   212172450   教育系资料室/ [索取号:G412/76] 在馆    
4 1217246   212172469   第四借阅区/ [索取号:G412/76] 在馆    
唐山师范学院图书馆 欢迎您!
大连网信软件有限公司© 版权所有